Marketingový plán spoločnosti Medar, s.r.o bakalárska práca

Saved in:
Bibliographic Details
Main Author: Hiščárová, Veronika
Corporate Author: Podnikovohospodárska fakulta EU so sídlom v Košiciach. Katedra obchodného podnikania
Other Authors: Naščáková, Jana
Format: Book
Language:Slovak
Published: Košice 2016
Tags: Add Tag
No Tags, Be the first to tag this record!

MARC

LEADER 00000nbm a2200000 4500
001 0217613
005 20161219090520.2
041 0 |a slo 
044 |a SK 
245 1 0 |a Marketingový plán spoločnosti Medar, s.r.o  |b bakalárska práca  |c Veronika Hiščárová ; školiteľ: Jana Naščáková 
264 1 |a Košice  |c 2016 
300 |a 57 s. 
100 1 |a Hiščárová, Veronika 
700 1 |a Naščáková, Jana 
710 2 |a Podnikovohospodárska fakulta EU so sídlom v Košiciach. Katedra obchodného podnikania